| 000 | 00902pam a2200301 a 4500 | ||
|---|---|---|---|
| 001 | 2123182 | ||
| 005 | 20260416132346.0 | ||
| 008 | 970220s1997 maua b 001 0 eng c | ||
| 010 | _a 97003049 | ||
| 020 | _a0763703168 | ||
| 020 | _a9780763703165 | ||
| 035 | _a2123182 | ||
| 040 |
_aDNLM/DLC _cDLC _dDLC |
||
| 050 | 0 | 0 |
_aRT48 _b.I57 1997 |
| 245 | 0 | 0 | _aInstruments for clinical health-care research / |
| 250 | _a2nd ed. | ||
| 260 |
_aBoston : _bJones and Bartlett Publishers, _cc1997. |
||
| 300 |
_axx, 620 p. : _bill. ; _c26 cm. |
||
| 440 | 0 | _aJones and Bartlett series in oncology | |
| 504 | _aIncludes bibliographical references and index. | ||
| 650 | 0 |
_aNursing _xResearch. |
|
| 650 | 1 | 2 | _aNursing. |
| 650 | 1 | 2 |
_aResearch _xmethods. |
| 700 | 1 | _aFrank-Stromborg, Marilyn. | |
| 700 | 1 | _aOlsen, Sharon J. | |
| 730 | 0 | _aInstruments for clinical nursing research. | |
| 942 |
_2lcc _cBK |
||
| 999 |
_c60361 _d60361 |
||